000
00312nam a2200157Ia 4500
100
_a
Saha/Amit
650
_a
Program
942
_c
BK
366
_f
25
245
_a
Write your first program
260
_b
Prentice Hall of India
_c
2013
082
_b
SAH
300
_a
234
546
_a
ENGLISH
999
_c
21814
_d
21814